000 01083nam a2200265 i 4500
001 187438
003 ES-MaACL
005 20230906222926.0
008 170704s1990 sp |||| | spa d
020 _a84-7232-543-1
080 _a327(460:671.8)
080 _a327(671.8:460)
245 0 0 _aII Plan marco de cooperación entre el Reino de España y la República de Guinea Ecuatorial /
_cprólogo, Luis Yáñez-Barnuevo García.
260 _aMadrid :
_bAgencia Española de Cooperación Internacional,
_c[1990]
300 _a217 p. ;
_c24 cm.
490 1 _aPublicaciones del Instituto de Cooperación para el Desarrollo
651 4 _aEspaña-
_xRelaciones-
_zGuinea Ecuatorial.
_9163347
651 4 _aGuinea Ecuatorial-
_xRelaciones-
_zEspaña.
_9163348
700 1 _aYáñez, Luis.
_9117567
710 2 _aInstituto de Cooperación para el Desarrollo.
_94849
710 2 _aAgencia Española de Cooperación Internacional.
_91266
830 1 _aPublicaciones del Instituto de Cooperación para el Desarrollo
_9225562
852 _aES-MaACL
_jL-31770
999 _c187438
_d187438